000
00334nam a22001337a 4500
999
_c
520782
_d
520782
008
221012b ||||| |||| 00| 0 eng d
100
_a
Chaturvedi, Namrata
_9
35203
245
_a
Kashmir: Poetry and mysticism
260
_a
Yojana
300
_a
66(9), Sep, 2022: p.61-63
773
_a
Yojana
906
_a
CULTURE
942
_c
AR